000 00542nam a2200169 a 4500
005 20140412111410.0
008 070214s19uu xx 00 eng d
020 _a078685875-3
050 _aTR(PS E
_bFa21 2000
245 _aFamily storybook library, bk. 10:
_bWhen the right thing is hard to do.
260 _aNew york :
_bDisney press,
_c2000.
300 _a19
440 _aDisneys family storybook library
520 _aStories about fairness and judgement, title includes pocahontas and bambi
650 _aFables
999 _c105643
_d105643